00000000cam 2200000zi 4500
0019.845387
003CaOODSP
00520260507101022
006m     o  d f      
007cr |||||||||||
008171011s1980    mbc     os   f000 0 eng d
040 |aCaOODSP|beng|erda|cCaOODSP
043 |an-cn-mb
0861 |aR77-74/1980E-PDF
24500|aManitoba profile : |btreaties.
264 1|a[Winnipeg] : |b[Indian and Northern Affairs Canada, Manitoba Region], |c[1980]
300 |a1 online resource (1 volume in various pagings)
500 |aDigitized edition from print [produced by Indigenous and Northern Affairs Canada].
5202 |aManitoba Indian community profiles -- Demographic trends and statistics -- Treaties
650 0|aIndigenous peoples|zManitoba.
650 0|aIndigenous peoples|zManitoba|vTreaties.
650 0|aIndigenous peoples|zManitoba|vStatistics, Vital.
650 6|aAutochtones|zManitoba.
650 6|aAutochtones|zManitoba|vTraités.
650 6|aAutochtones|zManitoba|vStatistiques de l'état civil.
655 7|aTreaties|2lcgft
655 7|aStatistics|2lcgft
7101 |aCanada. |bIndian and Northern Affairs Canada. |bManitoba Region, |eissuing body.
85640|qPDF|s6235 KB|uhttps://publications.gc.ca/collections/collection_2026/rcaanc-cirnac/R77-74-1980-eng.pdf